000 02083nam0a2200433 4500
001 RU\NLR\bibl\427717
005 20260407081247.0
010 _a5-89694-041-6
_9100
021 _aRU
_b2003-39519
_91881
035 _a(NLR Aleph) 000421596
090 _a698461
_c698461
100 _a20030812d2002 |||y0rusy50 ca
101 0 _arus
_deng
102 _aRU
105 _aa |||||||||
200 1 _aНаука - Техника - Технологии
_eСб. материалов IV Междунар. науч.-практ. конф.
_f[Редкол.: Г.Т. Ли, д.с.-х.н., проф. и др.]
210 _aНаходка
_cИТиБ
_d2002
215 _a130 с.
_cил.
_d21
300 _aВ надзаг.: М-во образования Рос. Федерации, Ин-т технологии и бизнеса
300 _aРез. на англ. яз.
320 _aБиблиогр. в конце докл.
606 0 _aТехника
_jСъезды, совещания и т.п.
_91247040
_3RU\NLR\auth\66510030
606 0 _aТехнологические процессы
_jСъезды, совещания и т.п.
_91963949
_3RU\NLR\auth\66899282
606 0 _aНаука
_jСборники
_91063426
_3RU\NLR\auth\6694640
606 0 _aНаука
_jСъезды, совещания и т.п.
_91063426
_3RU\NLR\auth\6694640
686 _aЖ.я431(0)
686 _aЖ6я431(0)
686 _aЧ21я431
702 1 _4340
_8rus
_7ca
_aТян-Ли
_cпсевдоним
_3RU\NLR\AUTH\77110162
_993087
711 1 2 _a"Наука - техника - технологии", международная научно-практическая конференция
_d4
_f2002
_eНаходка
_3RU\NLR\AUTH\8810041737
_9582819
712 0 2 _4475
_aИнститут технологии и бизнеса
_cНаходка
_3RU\NLR\AUTH\8810029044
_9556653
801 0 _aRU
_bNLR
_c20030812
_gPSBO
801 1 _aRU
_bNLR
_c20030812
942 _cBOOK
980 _aNB
980 _aNBR